| 000 | 01127nam a2200325Ia 4500 | ||
|---|---|---|---|
| 003 | CO-BoRNBP | ||
| 005 | 20250605094025.0 | ||
| 007 | ta | ||
| 008 | 180109s2017 sp a g 000 0 spa | ||
| 020 | _a9788416998722 | ||
| 040 |
_aCO-BoRNBP _bspa _erda _cCO-BoRNBP |
||
| 041 | _aspa | ||
| 084 | _aH MOO2 / | ||
| 100 | 1 |
_aMoore, Alan, _d1953- _959667 |
|
| 245 | 1 | 0 |
_aWatchmen _cAlan Moore, Dave Gibbons, John Higgins ; traducción Felip Tobar Pastor |
| 250 | _aSéptima edición | ||
| 264 | 1 |
_aBarcelona _bECC Ediciones _c2017 |
|
| 300 |
_a410 páginas _bilustraciones a color _c26 cm. |
||
| 336 |
_atexto _btxt _2rdacontent |
||
| 337 |
_asin mediación _bn _2rdamedia |
||
| 338 |
_avolumen _bnc _2rdacarrier |
||
| 650 | 0 | 0 |
_aHistorietas estadounidenses _ySiglo XX _2LEMB _959668 |
| 650 | 0 | 0 |
_aTiras cómicas, historietas, etc. _2LEMB |
| 650 | 0 | 0 |
_aLiteratura estadounidense _ySiglo XX _2LEMB _91048 |
| 650 | 0 | 0 |
_aHeroes _vHistorietas _2LEMB _959669 |
| 700 | 1 |
_aTobar Pastor, Felip _d1975- _etraductor _959670 |
|
| 700 | 1 |
_aGibbons, Dave _d1949- _eautor _959671 |
|
| 700 | 1 |
_aHiggins, John _d1949- _eautor _959672 |
|
| 942 |
_2loc _cBKLIT |
||
| 999 |
_c57162 _d57162 |
||